[Event "18th Graz Open"]
[Site "Graz AUT"]
[Date "2011.09.02"]
[Round "7"]
[White "Neuschmied,S"]
[Black "Moser,E"]
[Result "0-1"]
[WhiteElo "2327"]
[BlackElo "2432"]

1.e4 d6 2.d4 Nf6 3.Nc3 Nbd7 4.Nf3 e5 5.Bc4 Be7 6.O-O O-O 7.Re1 c6 8.a4 a5
9.b3 Nb6 10.Bf1 Qc7 11.h3 Be6 12.Ba3 Rad8 13.Qd2 h6 14.Rad1 Rfe8 15.Qe3 Bf8
16.dxe5 dxe5 17.Bxf8 Rxf8 18.Qc5 Nbd7 19.Qe3 b6 20.Nd2 Nc5 21.Nc4 Bxc4 22.Bxc4 Rxd1
23.Rxd1 Rd8 24.Rxd8+ Qxd8 25.f3 Nh5 26.Be2 Nf4 27.Bf1 Qg5 28.Kh2 Nxh3 29.Nd1 Nf4
30.g3 Nfe6 31.Kg2 Nd4 32.Qxg5 hxg5 33.Ne3 Kf8 34.Nc4 Nd7 35.Bd3 Ke7 36.Kf2 Ne6
37.Be2 Nec5 38.Bd1 g4 39.c3 gxf3 40.Kxf3 Nb7 41.b4 Nd6 42.Nd2 Nf8 43.Nb3 Nb7
44.Be2 Ne6 45.Ba6 Ned8 46.Nd2 c5 47.bxc5 Nxc5 48.Bb5 Nde6 49.Ke3 Nf8 50.Nc4 Nfd7
51.Kf3 g6 52.g4 Ke6 53.Bc6 Kf6 54.Bb5 Ke6 55.Bc6 Ke7 56.Bb5 f6 57.Ke3 Kd8
58.Kf3 Kc7 59.Ne3 Kd6 60.Nc4+ Ke6 61.Ke3 f5 62.gxf5+ gxf5 63.exf5+ Kxf5 64.Bc6 Ke6
65.Kf3 Ke7 66.Ke3 Kd8 67.Bb5 Kc7 68.Kf3 e4+ 69.Kf4 Nf6 70.Ke5 Ng4+ 71.Kf4 Nf2
72.Ke3 Nd1+ 73.Kd2 Nf2 74.Ke3 Nfd3 75.Kd4 Nf4 76.Nd2 Nfe6+ 77.Ke3 Ng5 78.Nc4 Nf7
79.Nb2 Nd6 80.Be2 Kc6 81.Kd4 Nb3+ 82.Ke3 Kd5 83.Bf1 Ke5 84.Bh3 Nc5 85.Bg4 Na6
86.Bh3 Nc7 87.Bd7 Nd5+ 88.Kd2 Kf4 89.Bc6 Ne3 90.Ke2 Ndc4 91.Nxc4 Nxc4 92.Bb5 Nd6
93.Bd7 Nb7 94.Bb5 Nc5 95.Kd2 Kf3 96.Be2+ Kf2 97.Bb5 e3+  0-1

[Event "VII Ugra Governor's Cup"]
[Site "Khanty-Mansiysk RUS"]
[Date "2011.09.02"]
[Round "3"]
[White "Kurnosov,I"]
[Black "Pridorozhni,A"]
[Result "1-0"]
[WhiteElo "2633"]
[BlackElo "2550"]

1.e4 d6 2.d4 Nf6 3.Nc3 e5 4.Nf3 Nbd7 5.Bc4 Be7 6.O-O O-O 7.a4 c6 8.Re1 b6
9.Bg5 a6 10.d5 c5 11.Nd2 h6 12.Be3 Ne8 13.Bf1 Ndf6 14.Nc4 Rb8 15.f4 Ng4 16.Bd2 exf4
17.Bxf4 Bf6 18.e5 Nxe5 19.Nxe5 Bxe5 20.Bxe5 dxe5 21.Rxe5 Nd6 22.Qf3 Bb7 23.Rae1 Qh4
24.Ne4 Nxe4 25.R1xe4 Qd8 26.c4 Qd6 27.Qg3 f6 28.Rg4 Qd7 29.Rh5 Bc8 30.Rg6 Rb7
31.Rgxh6 Qg4 32.Rh8+ Kf7 33.Rxf8+ Kxf8 34.Rh8+ Kf7 35.Qf2 Bd7 36.b3 Qg5 37.h4 Qe5
38.Bd3 Rb8 39.Rxb8 Qxb8 40.Bf5 Bxf5 41.Qxf5 Qd6 42.h5 Qe7 43.Kf2 Qd6 44.g3 Qe7
45.h6 Qd8 46.Qh7  1-0

[Event "VII Ugra Governor's Cup"]
[Site "Khanty-Mansiysk RUS"]
[Date "2011.09.02"]
[Round "3"]
[White "Musakaev,E"]
[Black "Bocharov,D"]
[Result "0-1"]
[WhiteElo "2325"]
[BlackElo "2585"]

1.e4 d6 2.d4 Nf6 3.Nc3 e5 4.Nge2 Be7 5.g3 c6 6.a4 exd4 7.Nxd4 d5 8.exd5 Nxd5
9.Bg2 Nxc3 10.bxc3 O-O 11.O-O Re8 12.Bf4 Na6 13.Qf3 Bd7 14.a5 Bf8 15.h3 Qc8
16.Rfb1 Nc5 17.g4 g6 18.Nb3 Ne6 19.Be5 f5 20.a6 fxg4 21.hxg4 bxa6 22.Nd4 Ng5
23.Qg3 Nf7 24.Bc7 Bc5 25.Ra5 Be7 26.Rba1 c5 27.Nb3 Be6 28.Nxc5 Bxc5 29.Rxc5 Qd7
30.Bxa8 Rxa8 31.f3 Rc8 32.Rxa6 Qd1+ 33.Kf2 Qxc2+ 34.Kg1 Qd1+ 35.Kf2 Bd5 36.Rxd5 Qxd5
37.Ra1 Qc5+  0-1

[Event "10th Sunny Beach Open"]
[Site "Sunny Beach BUL"]
[Date "2011.09.02"]
[Round "7.5"]
[White "Krivokapic,M"]
[Black "Rusev,K"]
[Result "1-0"]
[WhiteElo "2418"]
[BlackElo "2528"]

1.e4 d6 2.d4 Nf6 3.Nc3 e5 4.Nf3 Nbd7 5.Bc4 Be7 6.O-O O-O 7.Re1 a6 8.a4 b6
9.b3 c6 10.Bb2 Qc7 11.h3 Bb7 12.Bd3 Rfe8 13.Ne2 Bf8 14.Ng3 b5 15.Qd2 g6 16.c4 bxa4
17.Rxa4 exd4 18.Nxd4 Bg7 19.Ndf5 gxf5 20.Nxf5 Re5 21.Nxg7 Kxg7 22.f4 Re6
23.e5 dxe5 24.fxe5 Ng8 25.c5 Nf8 26.Qg5+ Ng6 27.h4 Qe7 28.Qg3 h5 29.Rf4 Rd8
30.Ref1 Nh6 31.Bc4 Qxc5+ 32.Kh1 Bc8 33.Qg5 Rd5 34.Bc1 Rdxe5 35.Bb2 Re7 36.Qf6+ Kh7
37.Re4 Ng4 38.Rxg4 Bxg4 39.Bxf7 Nh8 40.Bc4 Qe3 41.Bc1 Qxc1 42.Rxc1 Re1+ 43.Rxe1 Rxe1+
44.Kh2 Rd1 45.Qxc6 Ng6 46.Qf6 a5 47.Bf7 Nh8 48.Be6 Bxe6 49.Qxe6 Ng6 50.Qf5 Rd4
51.Qxh5+ Kg7 52.g3 a4 53.Qc5 Re4 54.Qa7+ Kh6 55.bxa4  1-0

[Event "FIDE World Cup 2011"]
[Site "Khanty-Mansiysk RUS"]
[Date "2011.09.03"]
[Round "3.1"]
[White "Jakovenko,D"]
[Black "Jobava,Ba"]
[Result "1-0"]
[WhiteElo "2736"]
[BlackElo "2713"]

1.e4 d6 2.d4 Nf6 3.Nc3 e5 4.Nf3 Nbd7 5.Bc4 Be7 6.O-O O-O 7.a4 c6 8.h3 h6
9.Re1 Re8 10.Be3 Qc7 11.Nh4 d5 12.exd5 Nb6 13.Bb3 Nfxd5 14.Nf3 Nxc3 15.bxc3 e4
16.Ne5 Nd5 17.Bd2 Bd6 18.Rxe4 Bf5 19.Bxd5 cxd5 20.Rf4 Bg6 21.Nxg6 fxg6 22.Rf3 Qc4
23.Qb1 Re7 24.Qb5 Rc8 25.Re3 a6 26.Qxc4 Rxc4 27.Rxe7 Bxe7 28.Kf1 Kf7 29.Rb1 Rxa4
30.Rxb7 Ra2 31.c4 Ke8 32.cxd5 Rxc2 33.Bf4 Bf6 34.Be5 a5 35.Rb8+ Kd7 36.Rb7+ Ke8
37.Rb8+ Kd7 38.Ra8 Ra2 39.Ra7+ Ke8 40.Ra8+ Kd7 41.Ra7+ Ke8 42.g3 a4 43.Kg2 a3
44.Kf3 Ra1 45.Bd6 a2 46.Bc5 Kd8 47.d6 Kc8 48.d7+ Kb8 49.h4 Bd8 50.Ke2 g5
51.hxg5 Bxg5 52.d5 Rc1 53.Be3 Rc2+ 54.Kd3 Rc7 55.Rxa2 Rxd7 56.Ke4 Re7+ 57.Kd4 Bf6+
58.Kc5 Kb7 59.Kd6 Re8 60.Ra7+ Kb8 61.Rf7 h5 62.Bf4 Re2 63.Kc6+ Be5 64.Bxe5+ Rxe5
65.Rf8+  1-0

[Event "VII Ugra Governor's Cup"]
[Site "Khanty-Mansiysk RUS"]
[Date "2011.09.03"]
[Round "4"]
[White "Andreev,Vik"]
[Black "Purtov,K"]
[Result "0-1"]
[WhiteElo "2196"]
[BlackElo "2012"]

1.e4 d6 2.d4 Nf6 3.Nc3 Nbd7 4.Nf3 e5 5.Be2 Be7 6.O-O O-O 7.h3 c6 8.Be3 a6
9.a4 a5 10.Nd2 Re8 11.f4 exd4 12.Bxd4 Bf8 13.Bf3 Nc5 14.Re1 Rb8 15.Be3 b6
16.Kh1 Bb7 17.Qe2 d5 18.Bxc5 Bxc5 19.e5 Nd7 20.Nb3 Bb4 21.Qf2 Nc5 22.Nxc5 Bxc5
23.Qg3 Bc8 24.Red1 Qe7 25.Bg4 Bxg4 26.hxg4 f6 27.Re1 Qf7 28.Rf1 fxe5 29.fxe5 Qe6
30.Rae1 Rf8 31.Rf3 Rbe8 32.Nd1 Qh6+ 33.Qh2 Qd2 34.Qh4 Rxf3 35.gxf3 Qxc2 36.f4 Qxa4
37.f5 Qf4 38.e6 Be7 39.Qh3 d4 40.Qg2 Rc8 41.Nf2 Qd2 42.Rd1 Qxb2 43.Qf3 a4
44.Ne4 Qb3 45.Rd3 Qd5 46.g5 Rf8 47.f6 Qxe6 48.Rxd4 a3 49.g6 Bxf6  0-1

[Event "TCh-POL Ekstraliga"]
[Site "Miedzybrodzie-Zywiec POL"]
[Date "2011.09.03"]
[Round "6.1"]
[White "Hracek,Z"]
[Black "Stoma,P"]
[Result "1-0"]
[WhiteElo "2629"]
[BlackElo "2326"]

1.e4 d6 2.d4 Nf6 3.Nc3 Nbd7 4.Nf3 e5 5.Bc4 Be7 6.O-O O-O 7.Re1 c6 8.a4 b6
9.d5 Bb7 10.dxc6 Bxc6 11.Bg5 h6 12.Bxf6 Nxf6 13.Nd5 Nxd5 14.Bxd5 Bxd5 15.Qxd5 Rc8
16.Re2 Rc5 17.Qb3 Qc7 18.Ne1 Rc4 19.c3 Qc6 20.Qb5 Qc8 21.Nc2 Rc5 22.Qd3 f5
23.Nb4 fxe4 24.Rxe4 Qf5 25.f3 Bg5 26.Nd5 Rcc8 27.Rd1 Rf7 28.Rg4 Qxd3 29.Rxd3 Bf4
30.g3 e4 31.Rd1 Be5 32.Rxe4 g5 33.f4 gxf4 34.gxf4  1-0

[Event "TCh-POL 1st League"]
[Site "Mrzezyno POL"]
[Date "2011.09.03"]
[Round "1"]
[White "Jakubowski,K"]
[Black "Duch,M"]
[Result "1-0"]
[WhiteElo "2491"]
[BlackElo "2262"]

1.d4 d6 2.e4 Nf6 3.Nc3 e5 4.dxe5 dxe5 5.Qxd8+ Kxd8 6.Bg5 Be6 7.O-O-O+ Nd7
8.f4 exf4 9.e5 h6 10.Bxf4 Ng4 11.Rd2 g5 12.Bg3 Bg7 13.Nf3 Ke7 14.Re2 h5 15.h3 h4
16.Be1 Ngxe5 17.Nxg5 Bh6 18.Bd2 Rag8 19.Nge4 c6 20.b3 Rg6 21.a4 b6 22.Bxh6 Rhxh6
23.Rf2 Rh8 24.Ne2 Nf6 25.Nd2 Nd5 26.Nd4 c5 27.Nxe6 fxe6 28.Bb5 Rf6 29.Re2 Ng6
30.Ne4 Ngf4 31.Rd2 Rg6 32.Rf1 Rxg2 33.c4 Ne2+ 34.Kb2 Ndf4 35.Rd7+ Kf8 36.Ka3 Rh5
37.Rxa7 Re5 38.Bc6 Rg1 39.Rxg1 Nxg1 40.Rb7 Ngxh3 41.Rxb6 Ng5 42.a5 Nd5 43.Nxg5 Nb4
44.Nf3 Re2 45.Rxb4 cxb4+ 46.Kxb4 h3 47.a6 Ra2 48.Ba4  1-0

[Event "10th Sunny Beach Open"]
[Site "Sunny Beach BUL"]
[Date "2011.09.03"]
[Round "8.37"]
[White "Michna,C"]
[Black "Horacek,M"]
[Result "1-0"]
[WhiteElo "2222"]
[BlackElo "2004"]

1.e4 d6 2.d4 Nf6 3.Nc3 e5 4.Nf3 Nbd7 5.Bc4 Be7 6.O-O O-O 7.Re1 c6 8.a4 h6
9.a5 Qc7 10.h3 Re8 11.Ba2 Nf8 12.Be3 Ng6 13.Qd2 Bf8 14.d5 Bd7 15.a6 c5 16.axb7 Qxb7
17.Bc4 a5 18.Ra2 Be7 19.Rea1 Qb4 20.b3 Bd8 21.Ne1 Nh5 22.Nb5 Qxd2 23.Bxd2 Bxb5
24.Bxb5 Re7 25.Bxa5 Rea7 26.Bc6  1-0

[Event "13th Trieste Open"]
[Site "Trieste ITA"]
[Date "2011.09.03"]
[Round "1"]
[White "Oparin,G"]
[Black "Suc,T"]
[Result "1-0"]
[WhiteElo "2413"]
[BlackElo "2053"]

1.e4 d6 2.d4 Nf6 3.Nc3 e5 4.Nf3 Nbd7 5.Bc4 Be7 6.O-O O-O 7.a4 c6 8.a5 h6
9.Re1 Re8 10.b3 Qc7 11.Bb2 Nf8 12.h3 Ng6 13.Bf1 Rb8 14.g3 b5 15.axb6 axb6
16.Bg2 b5 17.Qd3 Bb7 18.Nb1 Nd7 19.Nbd2 Bf6 20.c3 Nb6 21.Nh2 Rbd8 22.Ng4 Be7
23.Ne3 Bg5 24.h4 Bxe3 25.Rxe3 d5 26.Rae1 c5 27.Qxb5 cxd4 28.cxd4 Bc6 29.Qc5 Qb7
30.dxe5 dxe4 31.Nxe4 Nd5 32.Nd6  1-0

[Event "Richard Reti Mem"]
[Site "Trnava SVK"]
[Date "2011.09.03"]
[Round "8.13"]
[White "Markuliak,M"]
[Black "Liptak,D"]
[Result "0-1"]
[WhiteElo "1853"]
[BlackElo "2056"]

1.e4 d6 2.d4 Nf6 3.Nc3 e5 4.f4 Bg4 5.Be2 exd4 6.Qxd4 Nc6 7.Bb5 Bd7 8.Qd3 g6
9.Bd2 Nb4 10.Bxd7+ Qxd7 11.Qb5 Nxc2+ 12.Kd1 Nxa1 13.Qxb7 Rc8 14.Nf3 c6 15.Qb4 Bg7
16.Kc1 O-O 17.Kb1 Rb8 18.Qa3 Nxe4 19.Kxa1 Nxd2 20.Nxd2 Rfe8 21.Nde4 Rxe4  0-1

[Event "FSGM September"]
[Site "Budapest HUN"]
[Date "2011.09.04"]
[Round "2"]
[White "Illingworth,M"]
[Black "Czebe,A"]
[Result "1-0"]
[WhiteElo "2357"]
[BlackElo "2513"]

1.e4 d6 2.d4 Nf6 3.Nc3 e5 4.Nf3 Nbd7 5.Bc4 Be7 6.O-O c6 7.a4 h6 8.Re1 Qc7
9.h3 Nf8 10.Be3 Ng6 11.a5 O-O 12.Bb3 Kh8 13.d5 c5 14.Nd2 Nh7 15.Nc4 f5 16.Qh5 Nh4
17.Nb5 Qd8 18.Nbxd6 Bxd6 19.Nxd6 Qxd6 20.Qxh4 f4 21.Bd2 g5 22.Qh5 Kg7 23.Qd1 f3
24.Re3 Bxh3 25.Rxf3 Bg4 26.Rxf8 Bxd1 27.Rxa8 Be2 28.c4 a6 29.Re8 Bd3 30.Re1  1-0

[Event "VII Ugra Governor's Cup"]
[Site "Khanty-Mansiysk RUS"]
[Date "2011.09.04"]
[Round "5"]
[White "Abramov,Al"]
[Black "Pridorozhni,A"]
[Result "0-1"]
[WhiteElo "2246"]
[BlackElo "2550"]

1.e4 d6 2.d4 Nf6 3.Nc3 Nbd7 4.Nf3 e5 5.Bc4 Be7 6.O-O O-O 7.Re1 c6 8.a4 a5
9.h3 exd4 10.Qxd4 Nc5 11.Bf4 Ne6 12.Bxe6 fxe6 13.e5 dxe5 14.Bxe5 Qxd4 15.Bxd4 Nd5
16.Ne4 b6 17.c4 Nb4 18.Re2 Ba6 19.b3 b5 20.Bc5 Bxc5 21.Nxc5 bxc4 22.Nxa6 Nxa6
23.bxc4 Rf4 24.Re5 Nb4 25.Rd1 Rxc4 26.Rxe6 Nd5 27.Ne5 Re4 28.f3 Rxa4 29.Nxc6 Nf4
30.Re7 Ra2 31.Kf1 Rxg2 32.Rdd7 a4 33.Nd8 h6 34.Ne6 a3 35.Nxf4 a2 36.Kxg2 a1=Q
37.Rxg7+ Qxg7+ 38.Rxg7+ Kxg7 39.Kg3 Kf6 40.Nd5+ Kg5 41.h4+ Kg6 42.Ne7+ Kf6
43.Nd5+ Ke5 44.Ne7 Re8 45.f4+ Ke4 46.Ng6 h5 47.Kg2  0-1

[Event "Paignton Ron Bruce Premier"]
[Site "Paignton ENG"]
[Date "2011.09.04"]
[Round "1"]
[White "Crouch,C"]
[Black "Gregory,K"]
[Result "1-0"]
[WhiteElo "2365"]
[BlackElo "2059"]

1.d4 d6 2.e4 Nf6 3.Nc3 Nbd7 4.f4 e5 5.Nf3 c6 6.dxe5 dxe5 7.Nxe5 Nxe5 8.Qxd8+ Kxd8
9.fxe5 Ng4 10.Bf4 Bc5 11.Bc4 Ke8 12.Rf1 Rf8 13.h3 Ne3 14.Bxe3 Bxe3 15.Rd1 Ke7
16.Rd3 Bb6 17.Rg3 g6 18.Rgf3 Be6 19.Bxe6 fxe6 20.Rxf8 Rxf8 21.Rxf8 Kxf8 22.Na4 Bg1
23.Kf1 Be3 24.Ke2 Bg1 25.b3 Ke7 26.Nb2 Bd4 27.Nd3 Bc3 28.Kf3 h5 29.g4 hxg4+
30.Kxg4 b6 31.Kg5 Kf7 32.Kh6 Bd2+ 33.Kh7 g5 34.Nf2 Bf4 35.Ng4 Bd2 36.Nh6+ Ke7
37.Kg6 Bf4 38.Nf7  1-0

[Event "Maria Albulet Mem"]
[Site "Braila ROU"]
[Date "2011.09.05"]
[Round "8"]
[White "Petrenko,S"]
[Black "Ionescu,I"]
[Result "1-0"]
[WhiteElo "2209"]
[BlackElo "2245"]

1.e4 d6 2.d4 Nf6 3.Nc3 e5 4.Nf3 Nbd7 5.g3 g6 6.Bg2 Bg7 7.O-O O-O 8.h3 c6
9.Be3 Qe7 10.Re1 b5 11.a3 Bb7 12.Qd2 a6 13.Rad1 Rfe8 14.Bg5 Nb6 15.b3 Qf8
16.dxe5 dxe5 17.Qd6 Qxd6 18.Rxd6 Nfd7 19.Red1 Nf8 20.Be3 Nc8 21.R6d2 Bf6
22.Nh2 Be7 23.Ng4 f6 24.b4 h5 25.Nh6+ Kh7 26.g4 a5 27.gxh5 axb4 28.axb4 Bxb4
29.Rd3 Ne7 30.hxg6+ Kxg6 31.Ne2 Ne6 32.Nf5 Nxf5 33.exf5+ Kxf5 34.Be4+  1-0

[Event "VII Ugra Governor's Cup"]
[Site "Khanty-Mansiysk RUS"]
[Date "2011.09.05"]
[Round "6"]
[White "Drogovoz,I"]
[Black "Kononenko,I"]
[Result "1-0"]
[WhiteElo "1806"]
[BlackElo "2036"]

1.d4 d6 2.e4 Nf6 3.Nc3 e5 4.Nf3 Bg4 5.dxe5 Bxf3 6.Qxf3 dxe5 7.Bg5 Bb4 8.a3 Bxc3+
9.Qxc3 Nbd7 10.Qe3 h6 11.Bh4 g5 12.Bg3 Qe7 13.f3 c6 14.Be2 Nh5 15.Bf2 Nf4
16.Bf1 Qe6 17.h4 f6 18.g3 Ng6 19.Bh3 Qc4 20.O-O-O Nb6 21.b3 Qf7 22.Qc3 O-O
23.hxg5 hxg5 24.Bxb6 axb6 25.Rd7 Ne7 26.Bf5 Rae8 27.Rxb7 b5 28.Qc5  1-0

[Event "Yuzhny Open"]
[Site "Yuzhny UKR"]
[Date "2011.09.05"]
[Round "4.15"]
[White "Zingaylo,Ana"]
[Black "Kalinina,O"]
[Result "0-1"]
[WhiteElo "2071"]
[BlackElo "2288"]

1.e4 d6 2.d4 Nf6 3.Nc3 c6 4.Nf3 Bg4 5.Be2 e6 6.O-O Be7 7.e5 dxe5 8.Nxe5 Bxe2
9.Nxe2 O-O 10.c3 Nbd7 11.Qb3 Qb6 12.Bg5 Rfd8 13.f4 h6 14.Bh4 Nd5 15.Bxe7 Nxe7
16.Ng3 c5 17.Qxb6 axb6 18.Nc4 cxd4 19.cxd4 Nf6 20.Nxb6 Ra6 21.Nc4 Rxd4 22.Ne5 g6
23.Nf3 Rxf4 24.Ne2 Rb4 25.b3 Ned5 26.Nfd4 e5 27.Nc2 Re4 28.Ng3 Rf4 29.Rfe1 e4
30.Ne3 Nc3 31.a3 Rd6 32.Nc4 Rd3 33.Re3 b5 34.Rxd3 exd3 35.Nd2 Nfd5 36.Re1 h5
37.Nge4 Nxe4 38.Nxe4 Kg7 39.Nd2 Nc3 40.Nf3 Rxf3 41.gxf3 d2  0-1

[Event "Yuzhny Open"]
[Site "Yuzhny UKR"]
[Date "2011.09.05"]
[Round "4.3"]
[White "Mischuk,D"]
[Black "Kovalev,De"]
[Result "0-1"]
[WhiteElo "2301"]
[BlackElo "2467"]

1.e4 d6 2.d4 Nf6 3.Nc3 e5 4.dxe5 dxe5 5.Qxd8+ Kxd8 6.Bc4 Ke8 7.f4 Bb4 8.fxe5 Nxe4
9.Ne2 Nc6 10.Bd5 Nxc3 11.Bxc6+ bxc6 12.Nxc3 Bf5 13.Be3 Bxc2 14.O-O Bxc3 15.bxc3 Ke7
16.Rf4 a5 17.e6 Kxe6 18.Rc1 Bg6 19.Re1 Kd7 20.Rd4+ Kc8 21.Bf4 Kb7 22.Re7 Rac8
23.Re5 Rhd8 24.Rxa5 Rxd4 25.cxd4 Re8 26.Kf2 Bd3 27.Be3 Bc4 28.g4 Bd5 29.a3 Re4
30.h3 h5 31.gxh5 f5 32.Rc5 Rh4 33.h6 f4 34.Rxd5 fxe3+ 35.Kxe3 cxd5  0-1

[Event "US Chess League 2011"]
[Site "ICC INT"]
[Date "2011.09.06"]
[Round "2"]
[White "Cao,K"]
[Black "Kavutskiy,K"]
[Result "1/2-1/2"]
[WhiteElo "2120"]
[BlackElo "2268"]

1.e4 d6 2.d4 Nf6 3.Nc3 c6 4.Nf3 Bg4 5.Be3 Nbd7 6.h3 Bh5 7.Be2 Qc7 8.Nd2 Bxe2
9.Qxe2 e5 10.Nb3 Be7 11.a4 a5 12.O-O O-O 13.f4 Rfe8 14.Rae1 Bf8 15.Qf3 b5
16.Nd2 Rab8 17.b3 Kh8 18.g4 exf4 19.Bxf4 b4 20.Ne2 c5 21.d5 Nb6 22.g5 Nfd7
23.Bg3 Re7 24.Kh1 g6 25.Nc1 Bg7 26.Nd3 Rbe8 27.Re2 Kg8 28.h4 Ne5 29.Nxe5 Bxe5
30.Bxe5 Rxe5 31.Ref2 Rf8 32.Qd3 Qe7 33.Rf6 c4 34.Qd4 Nd7 35.R6f4 c3 36.Nc4 Nc5
37.Nxa5 Rxe4 38.Nc6 Qd7 39.Rxe4 Qh3+ 40.Kg1 Qg3+ 41.Kh1 Qh3+ 42.Kg1 Qg3+  1/2-1/2

[Event "TCh-POL 1st League"]
[Site "Mrzezyno POL"]
[Date "2011.09.06"]
[Round "4"]
[White "Grabarczyk,B"]
[Black "Orzechowski,J"]
[Result "1/2-1/2"]
[WhiteElo "2409"]
[BlackElo "2243"]

1.e4 d6 2.d4 Nf6 3.Nc3 e5 4.Nge2 Nbd7 5.f3 Be7 6.Be3 c6 7.Qd2 Qa5 8.g4 b5
9.g5 Nh5 10.d5 c5 11.Ng3 Nxg3 12.hxg3 a6 13.Be2 c4 14.O-O Qc7 15.b4 cxb3
16.cxb3 Qb8 17.b4 O-O 18.a4 bxa4 19.Nxa4 Bb7 20.Ra2 Qd8 21.Rc1 f6 22.gxf6 Bxf6
23.Rac2 Rc8 24.Rxc8 Bxc8 25.Rc6 Be7 26.Kg2 Nb8 27.Rc1 Qd7 28.Nb6 Qh3+ 29.Kf2 Qh2+
30.Ke1 Qh1+ 31.Kf2 Qh2+ 32.Ke1 Qh1+  1/2-1/2

[Event "Paignton Ron Bruce Premier"]
[Site "Paignton ENG"]
[Date "2011.09.06"]
[Round "3"]
[White "Hickman,J"]
[Black "Gregory,K"]
[Result "0-1"]
[WhiteElo "1975"]
[BlackElo "2059"]

1.e4 d6 2.d4 Nf6 3.Nc3 Nbd7 4.g3 e5 5.Nge2 Be7 6.Bg2 c6 7.a4 b6 8.O-O O-O
9.h3 a6 10.Be3 Bb7 11.g4 b5 12.Ng3 b4 13.Nce2 d5 14.b3 exd4 15.Nxd4 c5 16.Ndf5 Nxe4
17.Bxe4 dxe4 18.Nxe7+ Qxe7 19.Nf5 Qe6 20.Qe2 Rfd8 21.Rad1 Ne5 22.Bxc5 Nf3+
23.Kh1 Qe5  0-1

[Event "13th Trieste Open"]
[Site "Trieste ITA"]
[Date "2011.09.06"]
[Round "5"]
[White "Martinsen,S"]
[Black "Suc,T"]
[Result "0-1"]
[WhiteElo "2173"]
[BlackElo "2053"]

1.d4 d6 2.e4 Nf6 3.Nc3 e5 4.Nf3 Nbd7 5.Bc4 Be7 6.O-O O-O 7.a4 c6 8.Ba2 h6
9.Nh4 Re8 10.Ng6 Nf8 11.Nxe7+ Qxe7 12.f3 b6 13.Be3 Bb7 14.dxe5 dxe5 15.Qe2 Ne6
16.a5 Nd4 17.Qf2 Rad8 18.Rfd1 c5 19.axb6 axb6 20.Na4 Qc7 21.c3 Ne6 22.Rxd8 Rxd8
23.b4 Ra8 24.Bxe6 fxe6 25.Qb2 Bc6 26.b5 Bd7 27.c4 Be8 28.Bd2 Bg6 29.Bc3 Nd7
30.Qc1 Bf7 31.Nb2 Rd8 32.Qc2 Nf8 33.Rd1 Ra8 34.Nd3 Nd7 35.Ra1 Rd8 36.Qb2 Bg6
37.Bxe5 Nxe5 38.Nxe5 Kh7 39.Nc6 Rd7 40.Qe5 Qc8 41.Ra6 Rd2 42.Rxb6 Qd7 43.h4 Qd3
44.Qxe6 Qe3+ 45.Kh2 Qf4+ 46.Kh3 Rd1 47.g3 Rh1+ 48.Kg2 Qc1  0-1

[Event "VII Ugra Governor's Cup"]
[Site "Khanty-Mansiysk RUS"]
[Date "2011.09.07"]
[Round "8"]
[White "Kalmachevskikh,V"]
[Black "Kabanov,N"]
[Result "0-1"]
[WhiteElo "2293"]
[BlackElo "2520"]

1.d4 d6 2.e4 Nf6 3.Nc3 c6 4.Nf3 Bg4 5.Be2 e6 6.O-O Be7 7.Bg5 O-O 8.h3 Bh5
9.e5 dxe5 10.dxe5 Nd5 11.Bxe7 Qxe7 12.Nxd5 cxd5 13.Nd4 Bxe2 14.Qxe2 Rc8 15.c3 Rc4
16.Qd2 Nc6 17.Nxc6 bxc6 18.Rfe1 Rb8 19.Rac1 a5 20.b3 Rc5 21.Qd4 Rcb5 22.Qd2 a4
23.c4 Rb4 24.cxd5 cxd5 25.bxa4 Rxa4 26.Rc2 h6 27.g3 Qg5 28.Qxg5 hxg5 29.f3 Kh7
30.Kf2 Kg6 31.g4 Rba8 32.Ree2 Ra3 33.Red2 R8a4 34.Re2 Ra6 35.Rb2 R6a5 36.Rbc2 R5a4
37.Rb2 Rc3 38.Rbc2 Rxc2 39.Rxc2 f6 40.exf6 gxf6 41.Rd2 Ra3 42.Kg3 Kf7 43.Kf2 Ke7
44.Rb2 Kd6 45.Rc2 d4 46.Rb2 Kd5 47.Re2 d3 48.Re4 Rxa2+ 49.Ke3 Re2+ 50.Kxd3 Rxe4
51.fxe4+ Kc5 52.e5 fxe5 53.Ke4 Kd6 54.Kf3 Kd5 55.Kg3 Ke4 56.h4 gxh4+ 57.Kxh4 Kf4  0-1

[Event "DYTM Nazrin Shah Inv"]
[Site "Kuala Lumpur MAS"]
[Date "2011.09.07"]
[Round "5.2"]
[White "Mas,H"]
[Black "Bitoon,R"]
[Result "0-1"]
[WhiteElo "2413"]
[BlackElo "2504"]

1.e4 d6 2.d4 Nf6 3.Nc3 e5 4.Nf3 Nbd7 5.Bc4 Be7 6.O-O O-O 7.Re1 c6 8.a4 Qc7
9.h3 a5 10.b3 exd4 11.Nxd4 Re8 12.Bf4 Ne5 13.Bf1 Bd7 14.Bh2 Rad8 15.Kh1 Qb6
16.Qd2 Bc8 17.Rad1 h6 18.Qe3 Bf8 19.f4 Ng6 20.Qf3 Nh4 21.Qg3 Ng6 22.Qf3 Qb4
23.g3 Qb6 24.Bg1 Qc7 25.Bg2 Nd7 26.Nf5 b6 27.h4 Nc5 28.Ne3 Be7 29.h5 Nf8
30.Nc4 Ba6 31.Bf1 Bb7 32.Bg2 Bf6 33.Nd2 Na6 34.Nf1 Nb4 35.Re2 Ne6 36.Nh2 Be7
37.Ng4 Ba6 38.Red2 Bc8 39.Ne3 Nc5 40.Nc4 Be6 41.Bf1 d5 42.exd5 Nxd5 43.f5 Bc8
44.Bd4 Bg5 45.Re2 Nxc3 46.Bxc3 Rxe2 47.Bxe2 Rd5 48.g4 Bb7 49.Kg1 Rxd1+ 50.Bxd1 Nd7
51.Qg2 b5 52.Nxa5 b4 53.Nxb7 bxc3 54.Qe2 Qxb7 55.Qe8+ Kh7 56.Qxf7 Qb6+  0-1

[Event "9th Amantea Open"]
[Site "Amantea ITA"]
[Date "2011.09.08"]
[Round "5"]
[White "Roos,Dav"]
[Black "Gregori,Giacomo"]
[Result "0-1"]
[WhiteElo "2011"]
[BlackElo "1993"]

1.e4 d6 2.d4 Nf6 3.Nc3 c6 4.f4 Qa5 5.Bd3 e5 6.Nf3 Bg4 7.fxe5 dxe5 8.dxe5 Nfd7
9.e6 Bxe6 10.Ng5 Bb4 11.Nxe6 Bxc3+ 12.bxc3 fxe6 13.O-O Nf6 14.Rb1 b6 15.Bf4 Qc5+
16.Kh1 e5 17.Bg3 Nbd7 18.Qd2 O-O 19.a4 Rad8 20.Rf5 Kh8 21.Qg5 Rde8 22.Rbf1 Qxc3
23.h4 Qc5 24.h5 h6 25.Qg6 Qe7 26.Bc4 Rd8 27.Bh4 Rc8 28.g4 Qe8 29.g5 Qxg6
30.hxg6 Nxe4 31.gxh6 Rxf5 32.Rxf5 Rf8 33.Bf7 gxh6 34.Rf3 Ng5 35.Rg3 Kg7 36.Bxg5 hxg5
37.Rxg5 e4 38.Kg2 Nf6 39.Re5 Rd8 40.Re7 Rd7 41.Re6 c5 42.Kg3 Nd5 43.Rxe4 Ne7
44.Re6 Nf5+ 45.Kf4 Nd6 46.Ke5 Nxf7+ 47.gxf7 Kxf7 48.Rd6 Ke7 49.Rh6 Kd8 50.a5 Kc7
51.axb6+ axb6 52.Rh4 Kb7 53.Ra4 b5 54.Rh4 Kb6 55.c3 Rd3 56.Rh6+ Ka5 57.c4 bxc4
58.Ke4 Rd4+ 59.Ke3 c3 60.Rh1 Kb4 61.Rb1+ Ka3 62.Rb5 Rc4 63.Kd3 c2 64.Kxc4 c1=Q+
65.Kd5 c4 66.Rb8 c3 67.Kc4 Qf4+  0-1

[Event "TCh-POL 1st League"]
[Site "Mrzezyno POL"]
[Date "2011.09.08"]
[Round "6"]
[White "Wisniowska,K"]
[Black "Magnucka,M"]
[Result "1-0"]
[WhiteElo "2074"]
[BlackElo "2040"]

1.e4 d6 2.d4 Nf6 3.Nc3 e5 4.Nf3 Nbd7 5.Bc4 Be7 6.O-O O-O 7.Re1 c6 8.a4 b6
9.d5 cxd5 10.Nxd5 Bb7 11.b3 Rc8 12.Re2 Nc5 13.Nxf6+ Bxf6 14.Bd5 Qd7 15.Ba3 Rfd8
16.Qd2 Bxd5 17.Qxd5 Ne6 18.Qb5 Nf4 19.Rd2 Qg4 20.Ne1 d5 21.f3 Qe6 22.Rad1 d4
23.g3 Ng6 24.Nd3 h5 25.h4 Qh3 26.Rg2 Rc3 27.Bb4 Rcc8 28.a5 bxa5 29.Qxa5 Rd7
30.Bc5 Rdc7 31.b4 Qe6 32.Ra1 Bd8 33.Qa6 Qd7 34.Qa4 Qe6 35.Qb5 Ne7 36.Rxa7 Rxa7
37.Bxa7 Nc6 38.Bc5 Ra8 39.Kh2 Kh7 40.Qb7 Rb8 41.Qa6 Qe8 42.Rg1 f6 43.Rb1 Ne7
44.b5 Nc8 45.Rb3 Bb6 46.Ba3 Qd7 47.Nb4 Na7 48.Nd5 Nc8 49.Qa4 Qb7 50.Qc4 Qa7
51.Qc6 Qa5 52.Bb4 Qa1 53.Qe8 Kh6 54.Bd2+ g5 55.Qh8+ Kg6 56.Qxf6+  1-0

[Event "8th LGA Premium Cup"]
[Site "Nuernberg GER"]
[Date "2011.09.08"]
[Round "1.13"]
[White "Ginsburg,G"]
[Black "Meulner,K"]
[Result "1-0"]
[WhiteElo "2523"]
[BlackElo "2154"]

1.d4 d6 2.e4 Nf6 3.Nc3 e5 4.Nf3 Nbd7 5.Bc4 Be7 6.O-O c6 7.a4 h6 8.Re1 Qc7
9.h3 g5 10.Qd3 Nf8 11.Ba2 Ne6 12.d5 Nc5 13.Qc4 cxd5 14.Nxd5 Nxd5 15.exd5 Bd7
16.b4 Na6 17.Qb3 O-O 18.c4 Qd8 19.Bb2 b6 20.Bb1 Nc7 21.c5 bxc5 22.bxc5 f5
23.cxd6 Bxd6 24.Bxe5 Rb8 25.Qc2 Ne8 26.Ba2 Qa5 27.Bc4 Rc8 28.Qd3 Qb4 29.Bb5 Bxb5
30.axb5 Bxe5 31.Nxe5 Rc3 32.Qd2 Nd6 33.Reb1 Qc5 34.Nd7 Qc7 35.Nxf8  1-0

[Event "9th Amantea Open"]
[Site "Amantea ITA"]
[Date "2011.09.09"]
[Round "7"]
[White "Dvirnyy,D"]
[Black "Janev,E"]
[Result "1-0"]
[WhiteElo "2457"]
[BlackElo "2511"]

1.e4 d6 2.d4 Nf6 3.Nc3 e5 4.Nf3 Nbd7 5.Bc4 Be7 6.O-O O-O 7.a4 exd4 8.Nxd4 Re8
9.Re1 Bf8 10.a5 c6 11.Bf4 Ne5 12.Bb3 Bd7 13.h3 b5 14.axb6 axb6 15.Rxa8 Qxa8
16.Bg5 Qd8 17.Nf3 Be7 18.Nxe5 dxe5 19.Bxf6 Bxf6 20.Qd6 Qe7 21.Qc7 b5 22.Ra1 Rc8
23.Qb7 Rd8 24.Ra7 Qd6 25.g3 Be7 26.Ra1 Qf6 27.Kg2 Bc5 28.Rf1 Be8 29.Ne2 Qg6
30.Nc3 b4 31.Qc7 Rd6 32.Qe7 Re6 33.Qxc5 bxc3 34.Bxe6 fxe6 35.Qxe5 cxb2 36.Rb1 c5
37.Rxb2 h6 38.Rb7 Ba4 39.Re7 Bxc2 40.Qxe6+ Qxe6 41.Rxe6 Kf7 42.Re5 c4 43.Kf3  1-0

[Event "8th LGA Premium Cup"]
[Site "Nuernberg GER"]
[Date "2011.09.09"]
[Round "2.5"]
[White "Levushkina,E"]
[Black "Bindrich,F"]
[Result "1-0"]
[WhiteElo "2324"]
[BlackElo "2548"]

1.e4 d6 2.d4 Nf6 3.Nc3 e5 4.Nf3 Nbd7 5.Bc4 Be7 6.O-O O-O 7.Re1 a6 8.a4 b6
9.b3 Bb7 10.Bb2 c6 11.Bd3 Re8 12.h3 Bf8 13.dxe5 dxe5 14.Ne2 Qc7 15.Ng3 Rad8
16.Qc1 g6 17.Bc3 Bg7 18.Bc4 b5 19.Bf1 Rb8 20.Qd2 Bc8 21.Rad1 Bf8 22.Qc1 bxa4
23.bxa4 Bb4 24.Qa1 Qa5 25.Re3 Bxc3 26.Rxc3 c5 27.Bc4 Nb6 28.Bb3 Kg7 29.Rd6 c4
30.Bxc4 Qc5 31.Rxf6 Nxc4 32.Rxc4 Qxc4 33.Nxe5 Qxc2 34.Rxf7+ Kg8 35.Qd4 Rxe5
36.Rg7+ Kxg7 37.Qxe5+ Kh6 38.Qxb8 Qc1+ 39.Kh2 Qc5 40.Qf4+ Kg7 41.e5 Qe7 42.Ne4 Bf5
43.g4 Bxe4 44.Qxe4 Qc5 45.Qf4 Qd5 46.Qf6+ Kg8 47.Qd6 Qf3 48.Qd8+ Kf7 49.Qf6+ Qxf6
50.exf6 Kxf6 51.f4 Ke6 52.Kg3 a5 53.Kf3 Kd5 54.Ke3 h6 55.Kd3 Kc5  1-0